Skład Newcastle United 23/24 - Statystyki

Ogólne statystyki
  • Ten quiz został rozwiązany 37 razy
  • Średni wynik to 13 z 29
Statystyki odpowiedzi
Pozycja Nazwisko % Poprawnych
Napastnik Isak
91%
Bramkarz Pope
85%
Obrońca Trippier
82%
Obrońca Botman
71%
Pomocnik Guimarães
71%
Bramkarz Dúbravka
68%
Obrońca Schär
68%
Pomocnik Joelinton
65%
Napastnik Gordon
62%
Napastnik Wilson
62%
Obrońca Burn
59%
Bramkarz Karius
50%
Pomocnik Tonali
47%
Napastnik Almirón
44%
Obrońca Livramento
41%
Napastnik Murphy
41%
Pomocnik Willock
41%
Napastnik Barnes
35%
Pomocnik Longstaff
35%
Obrońca Hall
32%
Obrońca Lascelles
29%
Pomocnik Miley
26%
Obrońca Targett
26%
Pomocnik Ritchie
21%
Pomocnik Anderson
18%
Obrońca Dummett
18%
Bramkarz Gillespie
18%
Obrońca Krafth
18%
Obrońca Manquillo
9%
Nie znaleziono quizów pasujących do podanych kryteriów
Rozkład punktacji
Procent ludzi z każdym wynikiem
Percentyl według liczby udzielonych odpowiedzi
Twoja historia wyników
Nie rozwiązałeś tego quizu